les mangas animés - Statistiques

Statistiques générales
  • Ce quiz a été pris 444 fois
  • Le résultat moyen est 12 sur 15
Statistiques - réponses
Hint Réponse % Correct
jeune ninja du village de Konoha. Hôte du démon renard à neuf queues, une créature qui a attaqué le village par le passé, il est rejeté par les autres villageois. Son ambition est de devenir Hokage, le chef du village, afin de gagner le respect des habitants. naruto
100%
raconte les aventures d'une bande de pirates, menée par leur capitaine Monkey D. Luffy (qui a pour ambition de devenir le roi des pirates) et lancée à la recherche du trésor. one piece
98%
Abandonné par son père qui est un Hunter, à la fois un aventurier et un chasseur de primes, Gon décide à l'âge de 12 ans de partir pour devenir un Hunter. Cela ne sera pas chose aisée, il devra passer une suite de tests et examens en compagnie de milliers d'autres prétendants au titre de Hunter hunter x hunter
96%
Depuis que son père est devenu Hokage et occupe la plus haute fonction du village de Konoha,fils de Naruto Uzumaki et Hinata Hyûga, vit dans l'ombre de celui-ci. boruto
95%
Un jeune vendeur de charbon nommé Tanjiro mène une vie sans histoire dans les montagnes, jusqu'au jour tragique où il découvre son village et sa famille massacrés par un démon. demon slayer
95%
se déroule cinq années après le mariage de Son Goku et de Chichi. Tous deux sont parents de Son Gohan. Mais tout va basculer lorsque Raditz va débarquer sur Terre pour retrouver son fils, Son Goku. dragon ball z
95%
Protagoniste de l'histoire, Light est un lycéen surdoué qui juge le monde actuel corrompu et perverti.Quand il trouve par hasard le........... abandonné par un dieu de la mort (Ryuk), il décide de l'utiliser pour exterminer tous les criminels, sous le nom de Kira death note
94%
Lucy, une jeune fille, rêve de devenir magicienne. Un jour, elle rencontre Natsu, un magicien maîtrisant le feu, ce dernier l'invite alors à rejoindre sa guilde. fairy tail
93%
Koro-sensei est le professeur principal de la classe 3-E du collège Kunugigaoka. C'est une étrange créature qui déclare avoir subitement détruit 70 % de la Lune. Il prévoit ensuite de détruire la Terre en mars de l'année prochaine, mais pour l'empêcher, les élèves de la classe 3-E devront l'assassiner. assassination classroom
91%
on découvre un monde postapocalyptique dans lequel l'humanité a frôlé l'extinction face une nouvelle menace : les Titans. l'attaque des titans
85%
Denji est un jeune homme sans argent qui travaille comme Devil Hunter auprès d'un mafieux. Avec l'aide de Pochita, son chien-démon-tronçonneuse, il continue de rembourser les dettes de son père. Cependant, après avoir été trahi, il fusionne avec Pochita et devient un homme-tronçonneuse. chainsaw man
71%
Taiju, un lycéen tokyoïte, est un jour victime d'un phénomène mystérieux : en une fraction de seconde, l'humanité entière est transformée en pierre ! Des milliers d'années plus tard, à son réveil, il décide de rebâtir la civilisation à partir de zéro avec son ami Senku !! Dr. Stone
71%
Les aventures de Tetsuyza Kuroko, un jeune garçon de 16 ans qui, sous son apparence chétive, cache un redoutable basketteur membre de la "génération des miracles" du collège Teiko. Tout juste arrivé au lycée de Seirin, il fait la connaissance de Taiga Kagami, jeune recrue fraîchement débarquée des États-unis. kuroko's basket
70%
L'humanité est terrifiée par le phénomène de combustion humaine. Des brigades spéciales ...........ont donc été mises en place avec pour mission de trouver la cause de ce mystérieux phénomène ! Le jeune Shinra, nouvelle recrue surnommée le Démon, rêve de devenir un héros. fire force
61%
un jeune garçon fan de football. Son rêve ? Devenir le meilleur footballer au monde ! Nouveau en ville, il va découvrir de nombreux jeunes talents avec qui il pourra progresser et tenter de réaliser son rêve ! captain tsubasa
34%
Aucun quiz correspondant
Distribution des résultats
% des personnes avec chaque résultat
Percentile par nombre de réponses
Votre historique - résultats
Vous n’avez pas pris ce quiz